| 000 | 00684nam a2200217 a 4500 | ||
|---|---|---|---|
| 001 | 2007 | ||
| 003 | CDMR | ||
| 005 | 20131112180205.0 | ||
| 008 | 130130s1974||||||||||||||||||||||||||||d | ||
| 020 | _a8423704157 | ||
| 040 |
_aCDMR _bcat _cCDMR |
||
| 100 | 1 |
_aOrive Riva, Pedro _9398 |
|
| 245 | 1 | 3 |
_aLa especialización en el periodismo _cPedro Orive Riva, Concha Fagoaga de Bartolome ; prólogo de Emilio romero |
| 260 |
_aBarcelona _c1974 _bDossat |
||
| 300 | _a190 p. | ||
| 650 | 0 | 4 |
_93330 _aPeriodisme especialitzat |
| 650 | 0 | 4 |
_92272 _aPeriodisme _xInnovacions tecnològiques |
| 650 | 0 | 4 |
_92266 _aPeriodisme _xEnsenyament _zEspanya |
| 700 | 1 |
_92254 _aFagoaga, Concha |
|
| 942 |
_cMON _2udc |
||
| 999 |
_c2007 _d2007 |
||